<?xml version="1.0" encoding="UTF-8"?>
<marc:record xmlns:marc="http://www.loc.gov/MARC21/slim">
   <marc:leader>00000nam a2200000 a 4500</marc:leader>
   <marc:datafield ind1="1" ind2=" " tag="100">
      <marc:subfield code="a">Baer, Lee</marc:subfield>
      <marc:subfield code="4">aut</marc:subfield>
      <marc:subfield code="e">Verfasser/-in</marc:subfield>
   </marc:datafield>
   <marc:datafield ind1="1" ind2=" " tag="100">
      <marc:subfield code="a">Wengenroth, Matthias</marc:subfield>
      <marc:subfield code="4">trl</marc:subfield>
      <marc:subfield code="e">Übersetzer/-in</marc:subfield>
   </marc:datafield>
   <marc:datafield ind1=" " ind2=" " tag="653">
      <marc:subfield code="a">die unter Zwangsgedanken leiden</marc:subfield>
   </marc:datafield>
   <marc:datafield ind1=" " ind2=" " tag="653">
      <marc:subfield code="a">und die</marc:subfield>
   </marc:datafield>
   <marc:datafield ind1=" " ind2=" " tag="653">
      <marc:subfield code="a">die ihnen helfen: Klinische Psychologen</marc:subfield>
   </marc:datafield>
   <marc:datafield ind1=" " ind2=" " tag="653">
      <marc:subfield code="a">Psychotherapeuten</marc:subfield>
   </marc:datafield>
   <marc:datafield ind1=" " ind2=" " tag="653">
      <marc:subfield code="a">Psychiater</marc:subfield>
   </marc:datafield>
   <marc:datafield ind1="0" ind2="0" tag="245">
      <marc:subfield code="a">Der Kobold im Kopf</marc:subfield>
   </marc:datafield>
   <marc:datafield ind1="0" ind2="0" tag="245">
      <marc:subfield code="b">Die Zähmung der Zwangsgedanken</marc:subfield>
   </marc:datafield>
   <marc:datafield ind1="0" ind2="0" tag="245">
      <marc:subfield code="c">Lee Baer</marc:subfield>
   </marc:datafield>
   <marc:datafield ind1=" " ind2="1" tag="264">
      <marc:subfield code="a">Bern</marc:subfield>
      <marc:subfield code="b">Verlag Hans Huber</marc:subfield>
      <marc:subfield code="c">2010</marc:subfield>
   </marc:datafield>
   <marc:datafield ind1=" " ind2=" " tag="250">
      <marc:subfield code="a">3., Aufl.</marc:subfield>
   </marc:datafield>
   <marc:datafield ind1="1" ind2=" " tag="520">
      <marc:subfield code="a">Angaben aus der Verlagsmeldung

Der Kobold im Kopf : Die Zähmung der Zwangsgedanken / von Lee Baer

Manche Menschen werden von schrecklichen Gedanken gequält und gefesselt. Es ist, als hätte ein Kobold oder ein Dämon sie fest im Griff: Mordgedanken, Phantasien von Missbrauch und Vergewaltigung, blasphemische Sätze, die laut hinauszuschreien sie sich gedrängt fühlen. Das Leiden an diesen Zwangsgedanken treibt die betroffenen Menschen an den Rand des Suizids, weil sie nur so glauben verhindern zu können, dass aus den Gedanken Taten werden. Dabei ist die Befürchtung, dass dies geschehen könnte, in den allermeisten Fällen völlig unbegründet. Die Therapie besteht denn auch darin, diese Gedanken nicht zu unterdrücken - was alles noch schlimmer macht -, sondern sich ihnen bewusst und direkt auszusetzen. Lee Baer vermittelt eine Reihe von Methoden, wie man in eigener Regie quälende Zwangsgedanken «zähmen» kann - verschweigt aber nicht, wo die Grenzen solcher Selbsthilfe liegen und bei welchen Symptomen unbedingt die Hilfe einer Fachperson in Anspruch genommen werden muss.
</marc:subfield>
   </marc:datafield>
   <marc:datafield ind1=" " ind2=" " tag="020">
      <marc:subfield code="a">9783456849492</marc:subfield>
      <marc:subfield code="9">9783456849492</marc:subfield>
   </marc:datafield>
   <marc:datafield ind1=" " ind2=" " tag="041">
      <marc:subfield code="a">ger</marc:subfield>
   </marc:datafield>
   <marc:datafield ind1=" " ind2=" " tag="300">
      <marc:subfield code="a">183 S.</marc:subfield>
   </marc:datafield>
</marc:record>
